NAJPOPULARNIEJSZE DRINKI NA GORĄCE DNI - Statystyki

Ogólne statystyki
  • Ten quiz został rozwiązany 21 razy
  • Średni wynik to 2 z 5
Statystyki odpowiedzi
Odpowiedź % Poprawnych
MOJITO
79%
SEX ON THE BEACH
74%
MARGARITA
42%
PINA COLADA
32%
TEQUILA SUNRISE
16%
Nie znaleziono quizów pasujących do podanych kryteriów
Rozkład punktacji
Procent ludzi z każdym wynikiem
Percentyl według liczby udzielonych odpowiedzi
Twoja historia wyników
Nie rozwiązałeś tego quizu